Rainbow Logos #1 - Statistics

General Stats
  • This quiz has been taken 400 times
    257 since last reset
  • The average score is 20 of 30
Answer Stats
Picture Answer % Correct
Target
98%
YouTube
97%
Tesla
95%
McDonald's
87%
Snapchat
87%
Facebook
83%
Monster
83%
Subway
82%
Walmart
82%
Barbie
80%
Ford
80%
Yahoo!
80%
Nickelodeon
78%
Best Buy
77%
Bluetooth
77%
The North Face
75%
Excel
70%
Kahoot
64%
Atari
62%
Soundcloud
62%
T-Mobile
62%
IBM
51%
Cadbury
50%
Cincinnati Bengals
44%
Skoda
43%
Whataburger
37%
AOL Instant Messenger
31%
AOL
30%
Baltimore Orioles
30%
Aer Lingus
8%
No matching quizzes found
Score Distribution
Percent of People with Each Score
Percentile by Number Answered
Your Score History
You have not taken this quiz since the last reset